Catàleg del Col·legi de Periodistes de Catalunya

España en su prensa (Registre núm. 4524)

000 -CABECERA
Longitud fija campo de control 00508nas a2200193 a 4500
001 - NÚMERO DE CONTROL
Número de control 4524
003 - IDENTIFICADOR DEL NÚMERO DE CONTROL
Identificador del número de control CDMR
005 - FECHA Y HORA DE LA ÚLTIMA TRANSACCIÓN
Fecha y hora de la última transacción 20131015113740.0
008 - CÓDIGOS DE INFORMACIÓN DE LONGITUD FIJA
Códigos de información de longitud fija 130130u1963||||s a||||||||||||||||s |d
040 ## - FUENTE DE LA CATALOGACIÓN
Centro catalogador de origen CDMR
Lengua de catalogación cat
Centro transcriptor CDMR
245 #0 - MENCIÓN DE TÍTULO
Título España en su prensa
260 ## - PUBLICACIÓN, DISTRIBUCIÓN, ETC. (PIE DE IMPRENTA)
Lugar de publicación, distribución, etc. Madrid
Fecha de publicación, distribución, etc. 1963-
Nombre del editor, distribuidor, etc. Servicio Informativo Español
300 ## - DESCRIPCIÓN FÍSICA
Otras características físicas il. b/n
490 0# - MENCIÓN DE SERIE
Mención de serie Documentos Informativos
650 04 - PUNTO DE ACCESO ADICIONAL DE MATERIA - TÉRMINO DE MATERIA
9 (RLIN) 3246
Término de materia o nombre geográfico como elemento inicial Espanya
Subdivisión de materia general Política
650 04 - PUNTO DE ACCESO ADICIONAL DE MATERIA - TÉRMINO DE MATERIA
9 (RLIN) 4072
Término de materia o nombre geográfico como elemento inicial Història social
650 04 - PUNTO DE ACCESO ADICIONAL DE MATERIA - TÉRMINO DE MATERIA
9 (RLIN) 4071
Término de materia o nombre geográfico como elemento inicial Espanya
Subdivisión de forma Anuaris
942 ## - ENTRADA DE ELEMENTOS AGREGADOS (KOHA)
Koha [por defecto] tipo de item Monografies
Fuente de clasificaión o esquema
Fons
Suprimido Perdido Estropeado No para préstamo Localización permanente Localización actual Fecha adquisición Serie de enumeración / cronología Préstamos totales Signatura completa Código de barras Fecha última consulta Fecha del precio de reemplazo Tipo de item de Koha
        Centre de Documentació Montserrat Roig Centre de Documentació Montserrat Roig 2013-01-16 1963   Dt 9/1 CDMR13108435 2013-01-16 2013-01-16 Monografies
        Centre de Documentació Montserrat Roig Centre de Documentació Montserrat Roig 2013-01-16 1964   Dt 9/2 CDMR13108436 2013-01-16 2013-01-16 Monografies
        Centre de Documentació Montserrat Roig Centre de Documentació Montserrat Roig 2013-01-16 1965   Dt 9/3 CDMR13108437 2013-01-16 2013-01-16 Monografies
        Centre de Documentació Montserrat Roig Centre de Documentació Montserrat Roig 2013-01-16 1966   Dt 9/4 CDMR13108438 2013-01-16 2013-01-16 Monografies
        Centre de Documentació Montserrat Roig Centre de Documentació Montserrat Roig 2013-01-16 1967   Dt 9/5 CDMR13108439 2013-01-16 2013-01-16 Monografies
        Centre de Documentació Montserrat Roig Centre de Documentació Montserrat Roig 2013-01-16 1968   Dt 9/6 CDMR13108440 2013-01-16 2013-01-16 Monografies
        Centre de Documentació Montserrat Roig Centre de Documentació Montserrat Roig 2013-01-16 1969   Dt 9/7 CDMR13108441 2013-01-16 2013-01-16 Monografies

Implantat amb Koha